000 00309nam a22001337a 4500
008 170622b xxu||||| |||| 00| 0 eng d
020 _a0822310740
041 _aeng
080 _22ND
_a341.7
100 _a20
101 _aSHP
245 _aINTERNATIONAL ENVIROMENTAL POLICY
_cCALDWELL,L.K
942 _2udc
_cBK
999 _c18596
_d18596